Antártica: testimonios periodísticos, 1947-1957
Sábháilte in:
| Príomhchruthaitheoirí: | , |
|---|---|
| Formáid: | LEABHAR |
| Teanga: | Spáinnis |
| Foilsithe / Cruthaithe: |
Valparaíso
Puntángeles
2005
|
| Ábhair: | |
| Clibeanna: |
Cuir clib leis
Níl clibeanna ann, Bí ar an gcéad duine le clib a chur leis an taifead seo!
|
MARC
| LEADER | 00000nam a2200000 a 4500 | ||
|---|---|---|---|
| 001 | UCK6502 | ||
| 003 | CL-VaPUC | ||
| 008 | 050930e20050000CL |||||||||||||||||spa|d | ||
| 020 | |a 9562990141 | ||
| 082 | 0 | 4 | |a 983.648 |b LEO |2 21 |
| 100 | |a León Wöppke, María Consuelo |e autora |9 583714 | ||
| 700 | |a Jara Fernández, Hugo Mauricio |e author |9 778158 | ||
| 245 | 1 | 0 | |a Antártica: testimonios periodísticos, 1947-1957 |
| 300 | |a 346 p | ||
| 942 | |c BK | ||
| 945 | |d 20050930 00:00:00 |a jcarroza | ||
| 260 | |a Valparaíso |b Puntángeles |c 2005 | ||
| 650 | 0 | |a Historia de Chile siglo 20 |9 268145 | |
| 650 | 0 | |a Periodismo |9 310113 | |
| 651 | 0 | |a Antártica (Antártida) |9 324088 | |
| 583 | |a last modification |c 20160912 05:25:23 |k Rodrigo Vera | ||
| 999 | |c 314783 |d 314781 | ||
| 952 | |0 0 |1 0 |4 0 |6 983_648000000000000_LEO_2005 |7 0 |8 A |9 387517 |a BIBHIS |b BIBHIS |d 2019-11-22 |i 4170792 |o 983.648 LEO 2005 |p 4170792 |r 2025-01-20 |w 2019-11-22 |y BK |k HIS | ||
| 952 | |0 0 |1 0 |4 0 |6 983_648000000000000_LEO_2005 |7 0 |8 A |9 387518 |a BIBHIS |b BIBHIS |d 2019-11-22 |i 4314131 |o 983.648 LEO 2005 |p 4314131 |r 2025-01-20 |w 2019-11-22 |y BK |k HIS | ||
| 952 | |0 0 |1 0 |4 0 |6 983_648000000000000_LEO_2005 |7 0 |8 X |9 387519 |a FDOBUD |b FDOBUD |d 2019-11-22 |i 4557298 |o 983.648 LEO 2005 |p 4557298 |r 2019-11-22 |w 2019-11-22 |y BK_X |k BUD | ||